[Event "NOR-chT 2018"]
[Site "Bergen"]
[Date "2018.05.12"]
[Round "4"]
[White "Salomon, Johan"]
[Black "Ranaldi, Lucas"]
[Result "0-1"]
[WhiteElo "2482"]
[BlackElo "2251"]
[Annotator "TA"]
[PlyCount "58"]
[EventDate "2018.??.??"]
[EventCountry "NOR"]
[SourceTitle "playchess.com"]
[Source "ChessBase"]
[SourceQuality "1"]

{[%evp 15,58,5,17,8,25,27,28,0,0,0,10,0,18,0,0,0,0,0,0,0,0,-109,-124,-209,0,0,0,0,0,-16,-17,-213,-120,-124,-124,-119,-122,-310,-248,-681,-683,-608,-577,-738,-446]} 1. e4 c6 2. d4 d5 3. exd5 cxd5 4. Bd3 Nc6 5. c3 Nf6 6. Ne2 Bg4 7. O-O e6 {B13: Caro-Kann: Exchange Variation and Panov-Botvinnik Attack} 8. f3 Bh5 $1 {LiveBook: 3 Games} 9. Nf4 Bg6 {The position is equal.} 10. Nxg6 hxg6 11. Qe2 $146 ({Predecessor:} 11. f4 Bd6 12. g3 Qc7 13. Kg2 O-O-O 14. Be3 Ne7 {½-½ (85) Zhou,W (2310)-Liang,C (2560) Hebei 2001}) 11... Bd6 12. g3 Qc7 13. f4 g5 (13... O-O-O {with more complications.} 14. Nd2 g5 15. fxg5 Bxg3 16. Nf3 Ne4) 14. fxg5 Bxg3 $1 15. hxg3 ({Avoid the trap} 15. gxf6 $2 Bxh2+ 16. Kh1 Bf4+ 17. Kg1 Bxc1 $19) 15... Qxg3+ 16. Qg2 Qxd3 17. gxf6 gxf6 18. Nd2 ({Don't play} 18. Rxf6 O-O-O $17) (18. Qf3 $11 {remains equal.} Qc2 19. Qg2) 18... O-O-O $1 $17 {[%mdl 1024] Black has strong compensation.} ({Much worse is} 18... Qe3+ $6 19. Rf2 $11) 19. Rf3 {[#]} (19. Kf2 $17) 19... Qc2 $2 ({Black should play} 19... Qh7 $1 $19 20. Rg3 Rdg8) 20. Rg3 Ne7 {Hoping for ...Nf5.} 21. Nf1 Qd1 {aiming for ...Nf5.} 22. Qf3 Qe1 23. b3 $2 (23. Qf2 $1 $11 Rh1+ 24. Kg2 Qe4+ 25. Qf3) 23... Rdg8 (23... Nf5 $19 24. Bb2 {[#]} Qxg3+ $3 {[%mdl 512]} 25. Nxg3 Rdg8) 24. Ba3 Qxa1 25. Bxe7 Kd7 26. Bb4 $2 (26. Bxf6 $17 Rxg3+ 27. Qxg3) 26... Rh3 27. Kg2 $2 {[#]} (27. Bd6) 27... Qxf1+ $1 $19 {[%mdl 512] Black is clearly winning.} 28. Kxf1 (28. Qxf1 Rgxg3+) 28... Rgxg3 29. Qe2 Rh1+ {Precision: White = 29%, Black = 62%.} 0-1

[Event "NOR-chT 2018"]
[Site "Bergen"]
[Date "2018.05.12"]
[Round "4"]
[White "Ostenstad, Berge"]
[Black "Hammer, Jon Ludvig"]
[Result "1/2-1/2"]
[WhiteElo "2442"]
[BlackElo "2631"]
[Annotator "TA"]
[PlyCount "81"]
[EventDate "2018.??.??"]
[EventCountry "NOR"]
[SourceTitle "playchess.com"]
[Source "ChessBase"]
[SourceQuality "1"]

{[%evp 21,81,0,0,-16,0,-16,9,0,0,0,0,0,7,0,0,0,47,0,0,0,0,-22,0,0,10,27,36,26,26,30,72,79,108,107,90,9,9,9,9,9,9,11,9,0,12,6,6,0,0,0,6,0,0,0,8,8,8,8,8,8,8,8]} 1. d4 d5 2. c4 c6 3. Nf3 Nf6 4. Nc3 dxc4 5. a4 Bf5 6. Nh4 e6 7. Nxf5 exf5 8. e3 Bb4 9. Bxc4 O-O 10. O-O Nbd7 11. Qb3 a5 {LiveBook: 13 Games} 12. Rd1 {D18: Slav Defence: 5 a4 Bf5 6 e3} (12. Na2 Bd6 13. Qxb7 Rb8 14. Qxc6 Bxh2+ 15. Kxh2 Ng4+ 16. Kg3 Rb6 17. Qd5 Qc7+ 18. f4 Rg6 19. Kf3 Nb6 {0-1 (40) Tikkanen,H (2537)-Blomqvist,E (2541) Sweden 2017}) 12... Qe7 13. Bf1 $146 ({Predecessor:} 13. Na2 Nb6 14. Nxb4 Qxb4 15. Qxb4 axb4 16. Bb3 Nbd5 17. Bd2 Rfe8 18. Rac1 g6 19. h3 h5 {1-0 (61) Khusenkhojaev,M (2381)-Massironi,M (2178) Peterhof 2009}) 13... Rac8 14. g3 b6 15. Bg2 g6 16. Bd2 h5 17. Rac1 h4 18. Ne2 c5 19. dxc5 bxc5 20. Nf4 Ne5 21. Bc3 {[#] Bxe5 is the strong threat.} c4 22. Qc2 $36 {[%mdl 2048] White has good play.} hxg3 23. hxg3 Rfd8 24. Rxd8+ Rxd8 25. Bd4 Kg7 26. b3 cxb3 27. Qxb3 Kf8 28. Bxe5 (28. Qc2 $16) 28... Qxe5 $11 {The position is equal.} 29. Nd3 Qd6 30. Nxb4 Qxb4 31. Qxb4+ axb4 {[%mdl 4096] Endgame KRB-KRN} 32. a5 {[%cal Ba4a5,Ba5a6][%mdl 32]} Ne4 (32... Rd3 {is more complex.} 33. Bf1 Ra3 34. a6 Ne4 35. Rc7 b3) 33. Bxe4 (33. Rb1 {feels hotter.} Rb8 34. a6 b3 35. g4 Ra8 36. gxf5 gxf5 37. f3) 33... fxe4 {KR-KR} 34. Rb1 Rb8 $1 35. a6 b3 36. Kg2 Kg7 37. g4 g5 38. a7 Ra8 39. Rxb3 {[#] And now Rb7 would win.} Rxa7 40. Rb4 Re7 $1 41. Kg3 {Precision: White = 42%, Black = 52%.} 1/2-1/2

[Event "NOR-chT 2018"]
[Site "Bergen"]
[Date "2018.05.12"]
[Round "4"]
[White "Hauge, Lars Oskar"]
[Black "Tisdall, Jonathan D"]
[Result "1-0"]
[WhiteElo "2433"]
[BlackElo "2402"]
[Annotator "TA"]
[PlyCount "67"]
[EventDate "2018.??.??"]
[EventCountry "NOR"]
[SourceTitle "playchess.com"]
[Source "ChessBase"]
[SourceQuality "1"]

{[%evp 20,67,0,-16,0,-23,-5,-33,-51,-46,-50,-87,-25,-47,-18,-23,-26,-27,-30,-28,0,-117,-128,-139,-111,-205,-134,-138,-139,-152,-135,-136,-158,-181,-101,-134,-72,-66,-61,-112,-120,-110,-78,-126,-121,-121,84,49,352,333]} 1. e4 c5 2. Nf3 e6 3. Nc3 a6 4. d4 cxd4 5. Nxd4 Qc7 6. g3 Nf6 7. Bg2 d6 8. O-O Be7 9. g4 h6 {B80: Sicilian Scheveningen: 6 g3 and 6 Be3, including English Attack} 10. f4 Nc6 11. Nb3 {LiveBook: 3 Games} (11. Nxc6 bxc6 12. e5 dxe5 13. fxe5 Nd7 14. Bf4 Bb7 15. Qf3 Rb8 16. Qh3 Bc5+ 17. Kh1 {0-1 (39) Rublevsky,S (2687)-Volokitin,A (2660) Sochi 2006}) 11... Nd7 {The position is equal.} 12. Be3 $146 ({Predecessor:} 12. Qf3 b5 13. Be3 Bb7 14. a4 b4 15. Ne2 Na5 16. Nxa5 Qxa5 17. Qh3 {0-1 (31) Sidorenko,I (2409)-Barrientos Chavarriaga,S (2477) Collado Villalba 2010}) 12... g5 13. f5 Nce5 14. a4 Nf6 15. h3 Nc4 (15... h5 $1 $17 {[%cal Rh5g4]} 16. fxe6 Bxe6 17. Bxg5 hxg4 18. Bxf6 Bxf6 19. Rxf6 gxh3) 16. Bd4 {Black must now prevent fxe6.} e5 17. Bf2 Nxb2 18. Qf3 Bd7 $36 {[%mdl 2048] Black has the initiative.} 19. Rfb1 $1 {[%cal Rb1b2]} Rc8 20. Be1 (20. Nc5 $1 $11) 20... Nc4 $17 21. a5 Kf8 22. Nc1 (22. Ra2 $17) 22... Qc5+ 23. Bf2 Nd2 24. Bxc5 Nxf3+ 25. Bxf3 Rxc5 26. Ra3 Rc7 ({Black should try} 26... Bc6 $19 {Threatens to win with ...h5.} 27. Nd3 Rc4) 27. Nd3 d5 ({Better is} 27... h5 {Hoping for ...hxg4.} 28. gxh5 d5) 28. Rab3 d4 29. Nd5 (29. Ne2 $15) 29... Nxd5 30. exd5 Bb5 $1 ({Of course not} 30... Rxc2 $6 31. Rxb7 Bc8 32. Ra7 $11) 31. Rxb5 axb5 32. Rxb5 {[#]} Bd6 $2 {[#]} ({But not} 32... Rxc2 $6 33. Rxb7 h5 34. gxh5 $15) (32... Kg7 $1 $17 {keeps the pressure on.} 33. d6 Bxd6 34. Rxb7 Re8) 33. f6 $1 $16 {a6! is the strong threat.} Rxc2 $2 {[%mdl 8192]} ({Black should play} 33... Ke8 $14) 34. Rxb7 {Precision: White = 30%, Black = 28%.} 1-0

[Event "NOR-chT 2018"]
[Site "Bergen"]
[Date "2018.05.12"]
[Round "4"]
[White "Getz, Nicolai"]
[Black "Hammerstad, Asmund"]
[Result "1/2-1/2"]
[WhiteElo "2411"]
[BlackElo "2211"]
[Annotator "TA"]
[PlyCount "111"]
[EventDate "2018.??.??"]
[EventCountry "NOR"]
[SourceTitle "playchess.com"]
[Source "ChessBase"]
[SourceQuality "1"]

{[%evp 16,111,30,10,34,6,8,0,0,0,0,0,0,0,31,0,0,0,0,0,0,0,0,0,7,0,0,-40,0,0,0,0,0,0,0,0,0,-24,-25,-17,0,0,0,0,0,0,0,0,0,0,0,6,7,0,0,0,0,0,32,32,60,0,22,0,0,0,0,0,0,0,0,0,0,0,0,0,0,0,0,0,0,-122,-130,-116,0,0,0,0,0,0,0,0,0,-72,-82,-147,-150,-198]} 1. e4 e6 2. d4 d5 3. Nd2 a6 4. Ngf3 c5 5. dxc5 Bxc5 6. Bd3 Nc6 7. O-O Nge7 8. c3 O-O 9. exd5 {LiveBook: 4 Games. C07: French Tarrasch: 3...c5, 4 Ngf3 and 4 exd5 Qxd5} (9. Qe2 Ng6 10. Nb3 Ba7 11. Be3 Qd6 12. Rad1 Nf4 13. Qd2 Bxe3 14. Qxe3 Qc7 15. Bb1 f6 16. g3 dxe4 17. Qxe4 {1-0 (45) Esserman,M (2419)-Short,N (2684) Gibraltar 2016}) 9... Nxd5 10. Ne4 Be7 11. Qe2 {The position is equal.} Qc7 12. Bc2 b5 $146 {[%cal Bb7b5,Bb5b4][%mdl 32]} ({Predecessor:} 12... Rd8 13. Re1 b5 14. Bd2 Bb7 15. Neg5 h6 16. Nxf7 Kxf7 17. Qxe6+ {½-½ (69) Breckenridge,S (2331)-Brodsky,D (2257) Brownsville 2015}) 13. a4 b4 14. c4 Nf6 15. b3 Nxe4 16. Bxe4 Bf6 17. Bb2 Bxb2 $1 18. Qxb2 Bb7 19. Qe2 Rad8 20. Rfd1 Na5 {[%cal Bc6a5,Ba5b7,Bb7c5][%mdl 32]} 21. Bxb7 Qxb7 22. Rd3 Qc7 23. Rad1 Nb7 24. Qe3 Nc5 25. R3d2 h6 26. Kf1 Rxd2 27. Rxd2 Re8 28. h3 Rc8 29. Rd4 Qe7 30. Nd2 Rd8 31. Rxd8+ Qxd8 32. Ke2 ({Not} 32. Qxc5 $2 Qxd2 33. g4 Qd1+ 34. Kg2 Qxb3 $19) 32... Qc7 33. Ne4 Nd7 34. Qd4 f5 35. Nd2 $1 Nc5 36. Kd1 Kh7 37. Kc2 Qc6 38. g4 (38. Nf3 $14) 38... Kg6 39. f3 Qc7 40. h4 Kh7 41. gxf5 exf5 42. Qd5 Kg6 43. f4 Qe7 44. h5+ Kxh5 45. Qxf5+ Kh4 46. Nf3+ Kg3 47. Nd2 {And now Qxc5 would win.} Kh4 48. a5 (48. Qg6 $11 {remains equal.}) 48... Qe3 $17 49. Qd5 {[#]} Qc3+ (49... Ne6 $1 $17 {Threatens to win with ...Kg4.} 50. f5 Nc5) 50. Kd1 $1 $11 Nxb3 51. Qh1+ $1 Kg4 {[%csl Gb3][%cal Rc3d2]} 52. Qg2+ Kxf4 {( -> ...Qc1+)} 53. Qe4+ Kg5 {[%csl Gb3][%cal Rc3d2] [#]} 54. Nf3+ (54. Qe7+ $11 {keeps the balance.} Kg6 55. Qe4+ Kh5 56. Qe2+ Kh4 57. Qh2+ Kg4 58. Qe2+ Kf5 59. Qe4+ Kf6 60. Qf4+ Ke7 61. Qc7+ Kf8 62. Qc8+ Ke7 63. Qc7+ Ke6 64. Qc6+ Ke7 65. Qe4+ Kd6 66. Qd5+ Kc7 67. Qf7+ Kb8 68. Qf8+ Kc7 69. Qe7+ Kc8 70. Qf8+ Kd7 71. Qf7+ Kc6 72. Qe6+ Kc7 73. Qf7+ Kd8 74. Qd5+ Ke7 75. Qe4+ Kd6 76. Qd5+ Kc7 77. Qf7+) 54... Kf6 $17 {...g5 is the strong threat.} 55. Qf4+ Ke7 {Strongly threatening ...g5.} 56. Qc7+ {Precision: White = 63%, Black = 81%.} 1/2-1/2

[Event "NOR-chT 2018"]
[Site "Bergen"]
[Date "2018.05.12"]
[Round "4"]
[White "Lovik, Lasse Ostebo"]
[Black "Tari, Aryan"]
[Result "0-1"]
[WhiteElo "2376"]
[BlackElo "2603"]
[Annotator "TA"]
[PlyCount "44"]
[EventDate "2018.??.??"]
[EventCountry "NOR"]
[SourceTitle "playchess.com"]
[Source "ChessBase"]
[SourceQuality "1"]

{[%evp 21,44,21,40,-35,-44,-43,1,-104,-96,-96,-107,-216,-216,-210,-212,-273,-211,-371,-378,-386,-377,-372,-346,-522,-518]} 1. d4 Nf6 2. c4 g6 3. g3 Bg7 4. Bg2 O-O 5. Nf3 d5 6. cxd5 Nxd5 7. O-O Nb6 8. Nc3 Nc6 9. d5 Na5 10. Qc2 Bd7 {D76: Fianchetto Grünfeld: Main Line with 7...Nb6} (10... c6 11. dxc6 Nxc6 12. Rd1 Bd7 13. Bf4 Qc8 14. Rac1 Bf5 15. e4 Bg4 16. Qb3 Qe6 17. Qxe6 fxe6 18. e5 Nd5 19. Nxd5 exd5 20. Ng5 e6 21. f3 {0-1 (44) Van Wely,L (2667)-Carlsen,M (2862) Wijk aan Zee 2015}) 11. Rd1 c6 {LiveBook: 7 Games} 12. Nd4 $146 (12. dxc6 $14 Nxc6 13. Be3) ({Predecessor:} 12. dxc6 Nxc6 13. Bf4 Qc8 14. Rac1 Bf5 15. Qb3 Be6 16. Qb5 Rd8 17. Qc5 Rxd1+ 18. Rxd1 h6 19. h4 Nc4 20. Nd5 Nxb2 21. Rc1 Qd7 22. Nc7 Rd8 23. Qb5 Bc4 24. Qxb7 e5 25. Nd2 Na5 {0-1 (25) Zifroni,D (2531)-Gofshtein,L (2580) Ramat Aviv 2000}) 12... cxd5 {Black is slightly better.} 13. Nxd5 Rc8 14. Qe4 (14. Nc3 $11) 14... Nxd5 $17 15. Qxd5 e6 {[%cal Be7e6,Be6e5][%mdl 32]} 16. Qf3 (16. Qe4 $17 {only move.}) 16... Ba4 $19 17. b3 Bxd4 18. Bb2 Bc6 19. Qg4 $2 {[#]} (19. Rxd4 Bxf3 20. Rxd8 Rfxd8 21. Bxf3) 19... e5 ({Don't take} 19... Bxb2 20. Rxd8 Rfxd8 21. Rb1 $19) 20. Bxc6 Rxc6 ({Less strong is} 20... Nxc6 21. e3 $19) 21. e3 Rc2 ({But not} 21... Bxb2 22. Rxd8 Rxd8 23. Rf1 $19) 22. exd4 (22. Bxd4 $142 Qf6 23. Qf4 Qxf4 24. gxf4 exd4 25. Rxd4) 22... Qf6 {Precision: White = 26%, Black = 87%.} 0-1

[Event "NOR-chT 2018"]
[Site "Bergen"]
[Date "2018.05.12"]
[Round "4"]
[White "Risting, Eivind Olav"]
[Black "Vea, Odin Blikra"]
[Result "1/2-1/2"]
[WhiteElo "2297"]
[BlackElo "2187"]
[Annotator "ChessBase"]
[PlyCount "121"]
[EventDate "2018.??.??"]
[EventCountry "NOR"]
[SourceTitle "playchess.com"]
[Source "ChessBase"]
[SourceQuality "1"]
[TimeControl "40/5400:1800"]

1. d4 {[%emt 0:02:00]} Nf6 {[%emt 0:00:03]} 2. c4 {[%emt 0:00:23]} e6 {[%emt 0:01:01]} 3. Nc3 {[%emt 0:00:10]} Bb4 {[%emt 0:00:05]} 4. Qc2 {[%emt 0:00:04]} O-O {[%emt 0:00:24]} 5. Nf3 {[%emt 0:00:32]} c5 {[%emt 0:00:26]} 6. dxc5 {[%emt 0:00:16]} Na6 {[%emt 0:01:10]} 7. g3 {[%emt 0:00:35]} Nxc5 {[%emt 0:00:31]} 8. Bg2 {[%emt 0:00:08]} Nfe4 {[%emt 0:01:28]} 9. O-O {[%emt 0:00:21]} Bxc3 {[%emt 0:00:34]} 10. bxc3 {[%emt 0:00:09]} Qa5 {[%emt 0:02:40]} 11. Nd4 {[%emt 0:12:38]} f5 {[%emt 0:08:46]} 12. Be3 {[%emt 0:07:00]} d6 {[%emt 0:13:12]} 13. f3 {[%emt 0:15:05]} Qxc3 {[%emt 0:02:51]} 14. Qxc3 {[%emt 0:01:16]} Nxc3 {[%emt 0:00:04]} 15. Rfc1 {[%emt 0:03:58]} N5a4 {[%emt 0:12:16]} 16. Bd2 {[%emt 0:17:19]} e5 {[%emt 0:00:54]} 17. Bxc3 {[%emt 0:00:04]} exd4 {[%emt 0:01:17]} 18. Bxd4 {[%emt 0:00:27]} Be6 {[%emt 0:01:24]} 19. f4 {[%emt 0:01:47]} Nc5 {[%emt 0:08:29]} 20. Rab1 {[%emt 0:01:50]} Rab8 {[%emt 0:02:24]} 21. Bxc5 {[%emt 0:01:57]} dxc5 {[%emt 0:00:04]} 22. Rxb7 {[%emt 0:04:47]} Rxb7 {[%emt 0:00:11]} 23. Bxb7 {[%emt 0:00:02]} Rd8 {[%emt 0:01:00]} 24. Rc2 {[%emt 0:05:13]} Rd4 {[%emt 0:00:46]} 25. Ba6 {[%emt 0:02:21]} Kf8 {[%emt 0:00:32]} 26. Kf2 {[%emt 0:00:22]} Ke7 {[%emt 0:01:37]} 27. Rb2 {[%emt 0:02:38]} Rd6 {[%emt 0:08:16]} 28. Rb7+ {[%emt 0:00:29]} Rd7 {[%emt 0:00:14]} 29. Rb8 {[%emt 0:00:55]} Rd6 {[%emt 0:00:42]} 30. Rb7+ {[%emt 0:00:52]} Rd7 {[%emt 0:00:05]} 31. Rxd7+ {[%emt 0:00:32]} Kxd7 {[%emt 0:00:21]} 32. Ke3 {[%emt 0:00:28]} Kc7 {[%emt 0:00:15]} 33. Kd3 {[%emt 0:00:31]} Kb6 {[%emt 0:04:08]} 34. Bb5 {[%emt 0:00:01]} g6 {[%emt 0:03:03]} 35. Kc3 {[%emt 0:00:01]} Bf7 {[%emt 0:01:17]} 36. Ba4 {[%emt 0:00:08]} Be6 {[%emt 0:00:34]} 37. Bc2 {[%emt 0:00:20]} Bd7 {[%emt 0:01:03]} 38. e4 {[%emt 0:00:30]} fxe4 {[%emt 0:01:36]} 39. Bxe4 {[%emt 0:00:02]} Kc7 {[%emt 0:00:41]} 40. Kd3 {[%emt 0:00:47]} Kd6 {[%emt 0:30:03]} 41. Ke3 {[%emt 0:30:54]} Be6 {[%emt 0:00:25]} 42. Bd3 {[%emt 0:00:00]} Bf7 {[%emt 0:00:00]} 43. g4 {[%emt 0:00:00]} h6 {[%emt 0:00:00]} 44. Ke4 {[%emt 0:00:00]} Be8 {[%emt 0:00:00]} 45. h4 {[%emt 0:00:00]} Bd7 {[%emt 0:00:00]} 46. Kf3 {[%emt 0:00:00]} Be8 {[%emt 0:00:00]} 47. Ke3 {[%emt 0:00:00]} Bf7 {[%emt 0:00:00]} 48. g5 {[%emt 0:00:00]} hxg5 {[%emt 0:00:00]} 49. hxg5 {[%emt 0:00:00]} Ke6 {[%emt 0:00:00]} 50. Be4 {[%emt 0:00:00]} Kd6 {[%emt 0:00:00]} 51. Kd3 {[%emt 0:00:00]} Be8 {[%emt 0:00:00]} 52. f5 {[%emt 0:00:00]} gxf5 {[%emt 0:00:00]} 53. Bxf5 {[%emt 0:00:00]} Ke5 {[%emt 0:00:00]} 54. Be4 {[%emt 0:00:00]} Bf7 {[%emt 0:00:00]} 55. g6 {[%emt 0:00:00]} Be6 {[%emt 0:00:00]} 56. g7 {[%emt 0:00:00]} Kf6 {[%emt 0:00:00]} 57. Bd5 {[%emt 0:00:00]} Bf5+ {[%emt 0:00:00]} 58. Be4 {[%emt 0:00:00]} Be6 {[%emt 0:00:00]} 59. Bd5 {[%emt 0:00:00]} Bf5+ {[%emt 0:00:00]} 60. Be4 {[%emt 0:00:00]} Be6 {[%emt 0:00:00]} 61. Bd5 {[%emt 0:00:00]} 1/2-1/2

[Event "NOR-chT 2018"]
[Site "Bergen"]
[Date "2018.05.12"]
[Round "4"]
[White "Aulin-Jansson, Joran"]
[Black "Mihajlov, Sebastian"]
[Result "1-0"]
[WhiteElo "2287"]
[BlackElo "2392"]
[Annotator "NA RC"]
[PlyCount "69"]
[EventDate "2018.??.??"]
[EventCountry "NOR"]
[SourceTitle "playchess.com"]
[Source "ChessBase"]
[SourceQuality "1"]
[TimeControl "40/5400:1800"]

1. e4 {[%emt 0:00:10]} e6 {[%emt 0:04:43]} 2. d3 {[%emt 0:01:06]} c5 {[%emt 0:00:28]} 3. g3 {[%emt 0:00:11]} Nc6 {[%emt 0:00:07]} 4. Bg2 {[%emt 0:00:03]} g6 {[%emt 0:00:15]} 5. Nc3 {[%emt 0:01:26]} Bg7 {[%emt 0:01:05]} 6. Be3 {[%emt 0:00:07]} d6 {[%emt 0:00:41]} 7. Nge2 {[%emt 0:00:30]} Nge7 {[%emt 0:00:11]} 8. h4 {[%emt 0:00:11] B26: Closed Sicilian: 3 g3, lines with early Be3} (8. d4 cxd4 9. Nxd4 O-O 10. O-O d5 11. Nxc6 bxc6 12. Na4 Ba6 13. Re1 Bb5 14. c3 dxe4 15. Nc5 Nd5 16. Bxe4 Nxe3 17. Rxe3 Qe7 18. Nb3 {0-1 (39) Piorun,K (2651)-Valsecchi,A (2501) Katowice 2017}) 8... h5 {[%emt 0:00:52]} 9. O-O {[%emt 0:06:33]} O-O {[%emt 0:01:09]} 10. Qd2 {[%emt 0:07:09]} Nd4 {[%emt 0:07:33]} 11. Nd1 {[%emt 0:00:55]} Kh7 $146 {[%emt 0:04:20]} ({Predecessor:} 11... e5 12. c3 Ne6 13. Bh6 d5 14. Bxg7 Kxg7 {0-1 (49) Szilagyi,Z-Eberth,Z (2215) Miskolc 1996}) 12. c3 {[%emt 0:00:09]} Ndc6 {[%emt 0:00:44]} 13. f4 {[%emt 0:01:52]} b6 {[%emt 0:02:28]} 14. f5 {[%emt 0:09:03]} Ng8 $2 {[%emt 0:08:15] [#]} ({But not} 14... gxf5 $6 15. exf5 exf5 16. Nf4 $16) (14... exf5 $11 15. exf5 Bxf5) 15. Bg5 $1 {[%emt 0:03:39]} Qc7 {[%emt 0:00:05]} 16. f6 {[%emt 0:00:50]} Bh8 {[%emt 0:00:00]} 17. d4 {[%emt 0:03:30]} Ba6 {[%emt 0:00:34]} 18. g4 {[%emt 0:04:16]} cxd4 {[%emt 0:00:51]} ({Much weaker is} 18... hxg4 $6 19. Ne3 $11) 19. gxh5 {[%emt 0:00:26]} dxc3 {[%emt 0:01:14]} 20. Ndxc3 {[%emt 0:00:32]} Ne5 {[%emt 0:00:13]} 21. Bh3 {[%emt 0:04:06]} Qc5+ {[%emt 0:14:18]} ({But not} 21... gxh5 22. Rad1 $15) 22. Kh1 {[%emt 0:01:50]} ({Of course not} 22. Be3 Qc7 $11) 22... Nd3 {[%emt 0:03:52]} ({Reject} 22... gxh5 $6 23. Ng3 $11) (22... Rac8 $16 {was worth a try.}) 23. Nf4 {[%emt 0:05:23]} ({Less strong is} 23. hxg6+ fxg6 24. f7 (24. Bxe6 Nxf6 25. Nf4 Nxf4 $15) 24... Nf2+ 25. Kg2 (25. Rxf2 Qxf2 26. fxg8=B+ Kxg8 $16) 25... Bxc3 $16) 23... Nxf4 {[%emt 0:01:42]} 24. Rxf4 {[%emt 0:00:08]} Qe5 {[%emt 0:08:31]} 25. Qf2 {[%emt 0:00:44]} Qc5 {[%emt 0:00:06]} 26. Qf3 {[%emt 0:00:25]} Nh6 {[%emt 0:04:21]} 27. Rg1 {[%emt 0:04:24]} Rg8 {[%emt 0:04:01]} 28. Bxh6 {[%emt 0:06:51]} Kxh6 {[%emt 0:00:05]} 29. Rg5 {[%emt 0:00:06]} Qd4 {[%emt 0:01:40]} 30. hxg6 {[%emt 0:00:32]} fxg6 {[%emt 0:00:00]} 31. Bxe6 {[%emt 0:00:51]} Rgf8 {[%emt 0:00:12] [#]} 32. Rxg6+ {[%emt 0:00:21]} Kxg6 {[%emt 0:00:06]} 33. Qg4+ {[%emt 0:00:07]} Kh6 {[%emt 0:00:04]} 34. Qg5+ {[%emt 0:00:06]} Kh7 {[%emt 0:00:03]} 35. Bf5# 1-0

[Event "NOR-chT 2018"]
[Site "Bergen"]
[Date "2018.05.12"]
[Round "4"]
[White "Nordquelle, Daniel"]
[Black "Madland, Kristoffer"]
[Result "1-0"]
[WhiteElo "2287"]
[BlackElo "2130"]
[Annotator "NA"]
[PlyCount "75"]
[EventDate "2018.??.??"]
[EventCountry "NOR"]
[SourceTitle "playchess.com"]
[Source "ChessBase"]
[SourceQuality "1"]
[TimeControl "40/5400:1800"]

{[%evp 10,73,-18,-11,32767,-32,-48,32767,0,-32,32767,4,0,-50,32767,18,32767,12,28,56,32767,32767,32767,104,123,104,126,81,82,81,119,85,32767,32767,32767,430,32767,466,436,32767,32767,32767,32767,32767,32767,370,32767,584,889,32767,788,793,32767,32767,32767,32767,576,583,558,629,32767,708,634,837,1980,29969]} 1. e4 {[%emt 0:02:34]} e6 {[%emt 0:01:26]} 2. d4 {[%emt 0:00:06]} d5 {[%emt 0:00:06]} 3. Nc3 {[%emt 0:00:06]} Bb4 {[%emt 0:00:24]} 4. e5 {[%emt 0:00:09]} Ne7 {[%emt 0:00:39]} 5. Qg4 {[%emt 0:00:29]} c5 {[%emt 0:02:24]} 6. dxc5 {[%emt 0:00:13]} ({Don't play} 6. Qxg7 Rg8 $17) 6... Nbc6 {[%emt 0:00:40]} 7. Bd2 {[%emt 0:00:08]} O-O {[%emt 0:01:30]} 8. O-O-O {[%emt 0:00:17]} f6 {[%emt 0:02:40]} 9. exf6 {[%emt 0:00:15]} Rxf6 {[%emt 0:00:15]} 10. Bd3 {[%emt 0:00:12] LiveBook: 24 Games} Bxc5 {[%emt 0:23:01] C17: French: 3 Nc3 Bb4 4 e5 c5 sidelines} (10... h6 11. Qh5 e5 12. f4 Bf5 13. fxe5 Nxe5 14. Bxf5 Rxf5 15. Qe2 N7c6 16. Nf3 d4 17. Qe4 Qd7 18. Qd5+ Qxd5 19. Nxd5 Bxd2+ 20. Nxd2 {1-0 (32) Perunovic,M (2578)-Ilic,D (2388) Valjevo 2011}) 11. Qh5 $146 {[%emt 0:02:54]} ({Predecessor:} 11. Bg5 Rf7 12. Nf3 Qf8 13. Be3 Bxe3+ 14. fxe3 h6 15. Qg3 Nf5 16. Bxf5 Rxf5 17. Rhe1 b5 18. Qc7 {1-0 (30) Raetsky,A (2431)-Spence,D (2233) Bugibba 2012}) 11... g6 {[%emt 0:02:22]} 12. Qh4 {[%emt 0:03:27]} Qf8 {[%emt 0:06:46]} 13. f4 {[%emt 0:05:23]} Nf5 {[%emt 0:01:28]} 14. Qe1 {[%emt 0:01:54]} Nb4 15. Bxf5 {[%emt 0:01:06]} Rxf5 {[%emt 0:03:38]} 16. Nf3 {[%emt 0:02:10]} Bd7 {[%emt 0:11:45]} 17. Ne5 {[%emt 0:05:26]} Be8 {[%emt 0:01:07]} 18. g4 {[%emt 0:07:25]} Rxf4 {[%emt 0:01:31]} 19. Bxf4 {[%emt 0:00:28]} Qxf4+ {[%emt 0:00:05]} 20. Kb1 {[%emt 0:00:08]} d4 {[%emt 0:01:26]} 21. Rf1 {[%emt 0:13:09]} Qxh2 {[%emt 0:02:16]} 22. Rf2 {[%emt 0:02:32]} Qh6 {[%emt 0:02:47]} 23. Ne4 {[%emt 0:02:55]} d3 {[%emt 0:01:44]} 24. Nf6+ {[%emt 0:03:03]} Kg7 {[%emt 0:02:23]} 25. Nxe8+ {[%emt 0:03:12]} Rxe8 {[%emt 0:00:07]} 26. Rf7+ {[%emt 0:00:05]} Kg8 {[%emt 0:00:11]} 27. cxd3 {[%emt 0:00:13]} Nc6 {[%emt 0:01:56]} 28. Rxb7 {[%emt 0:01:46]} Nd4 {[%emt 0:00:57]} 29. Nd7 {[%emt 0:03:31]} Be7 {[%emt 0:01:12]} 30. Qf2 {[%emt 0:02:48]} Qg7 {[%emt 0:00:41]} 31. Rf1 {[%emt 0:02:03]} Rc8 {[%emt 0:02:55]} 32. Nf6+ {[%emt 0:03:38]} Qxf6 {[%emt 0:01:42]} 33. Qxf6 {[%emt 0:00:06]} Bxf6 {[%emt 0:00:03]} 34. Rxf6 {[%emt 0:00:05]} Ne2 {[%emt 0:01:46]} 35. a4 {[%emt 0:00:34]} Rc1+ {[%emt 0:00:57]} 36. Ka2 {[%emt 0:00:05]} Rg1 {[%emt 0:00:10]} 37. Rxe6 {[%emt 0:00:29]} Nd4 {[%emt 0:00:24]} 38. Re8# {[%emt 0:00:06]} 1-0